000 00299nam a22001337a 4500
008 170904b xxu||||| |||| 00| 0 eng d
020 _a9780205244645
041 _aeng
080 _28TH
_a070
100 _a40
101 _aMED
245 _aMASTERING PUBLIC SPEAKING
_cGRICE,G.L
942 _2udc
_cBK
999 _c26031
_d26031